000 00794nam a2200253Ia 4500
003 OSt
005 20221005062130.0
006 a|||||r|||| 00| 0
007 ta
008 221004b |||||||| |||| 00| 0 eng d
020 _a9780415839655 (pbk)
_c1834.24
024 _a25883
037 _b368, 22/03/2016, Classic Book Service
_cTextual
040 _aCRL
_cCRL
_beng
041 _2eng
_aeng
082 _aO11196-73:g, Q6
100 _aMiller D.Quentin
_9601459
245 0 _aRoutledge introduction to African American literature
260 _aLondon
_bRoutledge UK
_c2016
300 _avii, 186p.
_ccm.
650 _aENGLISH LITERATURE
942 _hO11196-73:g, Q6
_cTEXL
_2cc
999 _c969211
_d969211